000 00537nam a2200181Ia 4500
008 090630s9999 xx 000 0 und d
082 _b14488
100 _aथोरे अशोक.
245 _aफुत्कार.
_cथोरे अशोक.
260 _bगौरी - पुणे.
_c1996
300 _a176
600 _aथोरे अशोक.
630 _aफुत्कार.
655 _aकादंबरी.
700 _aथोरे अशोक.
730 _aफुत्कार.
942 _cBOOK
999 _c266344
_d266344